00858nam a2200169 a 4500001000900000005001700009008004100026020001500067050002100082245004100103260004600144300003200190500029600222500011100518504002700629650003200656BRCA_60820190320203101.0000412s1999 mx-a---##b---#000-0#spa-d a970182993X 4aN6550b.M47 199910aMéxico eternobarte y permanencia. aMéxicobFomento Cultural Fertinalc1999 a303 p.bil. a colorc34 cm. aIncluye información sobre piezas de la Colección Franz Mayer: escultura del Padre Santo con Cristo de caña (p. 61), sillón rococó (p. 84), San Miguel Arcángel (p. 100), custodias (p. 102-103), bandera de procesión (p. 104), La adoración de los pastores ´Natividad´ (p. 108) aCatálogo de la exposición realizada en el Palacio de Bellas Artes (Ciudad de México), diciembre 2000 aBibliografía: p. 29614aArte mexicanovExposiciones